[Event "Suwalki Warakomska Memorial op 4th"]
[Site "Suwalki"]
[Date "2020.08.12"]
[Round "8"]
[White "Flis, Pawel"]
[Black "Marczukiewicz, Jerzy"]
[Result "1/2-1/2"]
[WhiteElo "1873"]
[BlackElo "1912"]
[PlyCount "231"]
[EventDate "2020.08.06"]
[EventType "swiss"]
[EventRounds "9"]
[EventCountry "POL"]
[SourceTitle "CBM 197 Extra"]
[Source "ChessBase"]
[SourceDate "2020.09.30"]
[SourceVersion "1"]
[SourceVersionDate "2020.09.30"]
[SourceQuality "1"]

1. Nf3 d5 2. g3 Nf6 3. Bg2 Bf5 4. c4 e6 5. cxd5 exd5 6. Qb3 Nc6 7. 0-0 a6 8. d3 Bg6 9. Bf4 Rb8 10. Nc3 d4 11. Ne4 Be7 12. Nxf6+ Bxf6 13. Rac1 0-0 14. Nd2 Bg5 15. Bxg5 Qxg5 16. Ne4 Bxe4 17. Bxe4 Rfd8 18. Qc4 Rd6 19. Qc5 Qd8 20. b4 g6 21. a4 Rc8 22. b5 axb5 23. axb5 Na5 24. Qb4 b6 25. Rc2 c5 26. bxc6 Nxc6 27. Rfc1 Nxb4 28. Rxc8 Qxc8 29. Rxc8+ Kg7 30. Bb7 h6 31. Kf1 g5 32. Rc4 Na2 33. Rc2 Nc3 34. e3 Na4 35. Ba6 Nc5 36. Bc4 f5 37. exd4 Rxd4 38. Ke2 f4 39. Ra2 Kf6 40. Ra8 fxg3 41. fxg3 Rd7 42. Rh8 Re7+ 43. Kf3 Kg6 44. d4 Ne6 45. Bd3+ Kg7 46. Rh7+ Kf8 47. Rxh6 Nxd4+ 48. Kg4 Re3 49. Ba6 b5 50. Kxg5 b4 51. Kf4 Ra3 52. Ke4 Kg7 53. Rb6 Nc2 54. Bc4 Re3+ 55. Kf4 Rc3 56. Bd5 Ne3 57. Be6 Ng2+ 58. Kg4 Ne3+ 59. Kh4 Nf1 60. Rxb4 Nxh2 61. Bd5 Nf3+ 62. Kg4 Ne5+ 63. Kf5 Rxg3 64. Rb7+ Kh6 65. Kxe5 Rg5+ 66. Ke4 Kg6 67. Rb6+ Kg7 68. Bb3 Rg6 69. Be6 Rg1 70. Bf5 Re1+ 71. Kf4 Kf7 72. Kg5 Ke7 73. Ra6 Re2 74. Bg4 Re1 75. Bf3 Re5+ 76. Kf4 Rc5 77. Ra7+ Kd6 78. Ra6+ Kc7 79. Rh6 Rc1 80. Ke5 Re1+ 81. Be4 Re2 82. Rh7+ Kb6 83. Rh1 Kc5 84. Rc1+ Kb4 85. Kd4 Rh2 86. Rb1+ Ka3 87. Kc3 Ka4 88. Kc4 Ka3 89. Bd3 Rb2 90. Ra1+ Ra2 91. Rh1 Rb2 92. Rh8 Rb4+ 93. Kc3 Rb3+ 94. Kc2 Rb2+ 95. Kc1 Rf2 96. Rb8 Rh2 97. Bc2 Rh1+ 98. Bd1 Rg1 99. Rb3+ Ka2 100. Re3 Rg7 101. Rh3 Rg1 102. Rh4 Rg3 103. Rb4 Rh3 104. Ra4+ Ra3 105. Rb4 Rg3 106. Re4 Rh3 107. Kc2 Rg3 108. Ra4+ Ra3 109. Rb4 Rg3 110. Be2 Rh3 111. Rb1 Rg3 112. Rb4 Ka3 113. Rf4 Re3 114. Bb5 Ka2 115. Ra4+ Ra3 116. Bc4+ 1/2-1/2

[Event "Suwalki Warakomska Memorial op 4th"]
[Site "Suwalki"]
[Date "2020.08.07"]
[Round "2"]
[White "Krasiewicz, Robert"]
[Black "Marczukiewicz, Jerzy"]
[Result "1-0"]
[WhiteElo "2033"]
[BlackElo "1912"]
[PlyCount "77"]
[EventDate "2020.08.06"]
[EventType "swiss"]
[EventRounds "9"]
[EventCountry "POL"]
[SourceTitle "CBM 197 Extra"]
[Source "ChessBase"]
[SourceDate "2020.09.30"]
[SourceVersion "1"]
[SourceVersionDate "2020.09.30"]
[SourceQuality "1"]

1. d4 d5 2. Nf3 Nf6 3. c4 c6 4. Qc2 e6 5. e3 Nbd7 6. Nc3 b6 7. b3 Bb7 8. Bd3 Be7 9. 0-0 0-0 10. Bb2 h6 11. Rad1 Qc7 12. Qe2 Rad8 13. Rfe1 Rfe8 14. Ne5 dxc4 15. Nxc4 c5 16. e4 cxd4 17. Nb5 Qb8 18. e5 Nd5 19. Qe4 Nf8 20. Qxd4 Bc5 21. Qg4 Nb4 22. Bb1 Rxd1 23. Rxd1 Bd5 24. Nbd6 Re7 25. a3 Nc6 26. b4 b5 27. Ne3 Bxd6 28. Nxd5 exd5 29. exd6 f5 30. Qg3 Rf7 31. Rxd5 f4 32. Qc3 Qe8 33. Rd1 Nb8 34. Ba2 Ne6 35. Qh3 Ng5 36. Bxf7+ Qxf7 37. Qc8+ Kh7 38. d7 Nxd7 39. Qxd7 1-0

[Event "EU-ch Deaf Seniors 60"]
[Site "Lvov"]
[Date "2019.07.16"]
[Round "1.3"]
[White "Shalev, Shaul"]
[Black "Marczukiewicz, Jerzy"]
[Result "0-1"]
[WhiteElo "1646"]
[BlackElo "1891"]
[PlyCount "60"]
[EventDate "2019.07.16"]
[EventType "swiss"]
[EventRounds "7"]
[EventCountry "UKR"]
[SourceTitle "EXT 2024"]
[Source "ChessBase"]
[SourceDate "2023.10.10"]
[SourceVersion "1"]
[SourceVersionDate "2023.10.10"]
[SourceQuality "1"]

1. d4 d5 2. c4 c6 3. Nf3 Nf6 4. e3 e6 5. Nc3 Nbd7 6. Bd3 dxc4 7. Bxc4 b5 8. Bd3 Bd6 9. Qc2 0-0 10. a3 Bb7 11. b4 a5 12. bxa5 Rxa5 13. 0-0 Qe7 14. Qb3 Rfa8 15. a4 Nb6 16. Bb2 Nxa4 17. Nxa4 bxa4 18. Qc2 h6 19. Bc3 R5a7 20. Ra2 Nd5 21. Rfa1 Bb4 22. Bd2 a3 23. Qb3 c5 24. dxc5 Qxc5 25. Rc1 Qa5 26. e4 Bxd2 27. Nxd2 Nb4 28. Nc4 Nxa2 29. Nxa5 Nxc1 30. Qxa3 Rxa5 0-1

[Event "Mazowiec-chT op"]
[Site "Poland"]
[Date "2014.11.16"]
[Round "5.18"]
[White "Kaminski, Lukasz"]
[Black "Marczukiewicz, Jerzy"]
[Result "1/2-1/2"]
[WhiteElo "1368"]
[BlackElo "1947"]
[PlyCount "66"]
[EventDate "2014.10.05"]
[EventType "team-tourn"]
[EventRounds "10"]
[EventCountry "POL"]
[SourceTitle "EXT 2019"]
[Source "ChessBase"]
[SourceDate "2018.10.10"]
[SourceVersion "1"]
[SourceVersionDate "2018.10.10"]
[SourceQuality "1"]

1. e4 c5 2. Nf3 Nc6 3. Nc3 d6 4. Bc4 Nf6 5. d3 e6 6. 0-0 Be7 7. Re1 0-0 8. h3 a6 9. a4 Bd7 10. Bd2 Re8 11. Qc1 Nd4 12. Nxd4 cxd4 13. Ne2 b5 14. axb5 axb5 15. Rxa8 Qxa8 16. Bb3 e5 17. Ng3 Be6 18. Bxe6 fxe6 19. Kh2 Rc8 20. Qb1 Qa7 21. f3 Nd7 22. b4 Bh4 23. Rc1 Bxg3+ 24. Kxg3 Qa3 25. Qb3 Qxb3 26. cxb3 Rxc1 27. Bxc1 Nb8 28. Kg4 Nc6 29. Bd2 Kf7 30. h4 Kg6 31. Kh3 h5 32. g4 Ne7 33. Bg5 Nc6 1/2-1/2

[Event "Mazowiec-chT op"]
[Site "Poland"]
[Date "2014.10.05"]
[Round "1.11"]
[White "Liszkiewicz, Slawomir"]
[Black "Marczukiewicz, Jerzy"]
[Result "0-1"]
[WhiteElo "1717"]
[BlackElo "1947"]
[PlyCount "104"]
[EventDate "2014.10.05"]
[EventType "team-tourn"]
[EventRounds "10"]
[EventCountry "POL"]
[SourceTitle "EXT 2019"]
[Source "ChessBase"]
[SourceDate "2018.10.10"]
[SourceVersion "1"]
[SourceVersionDate "2018.10.10"]
[SourceQuality "1"]

1. e4 c5 2. Nf3 Nc6 3. Bb5 e6 4. 0-0 Nge7 5. c3 a6 6. Ba4 b5 7. Bc2 d5 8. d4 cxd4 9. cxd4 Nb4 10. e5 Nxc2 11. Qxc2 Bd7 12. Be3 Nf5 13. a3 Qc8 14. Qxc8+ Rxc8 15. Rc1 Nxe3 16. Rxc8+ Bxc8 17. fxe3 Be7 18. Nbd2 f6 19. Rc1 Kd7 20. Nb3 Bb7 21. Nc5+ Bxc5 22. dxc5 Bc6 23. b4 a5 24. Rd1 Ra8 25. Rd4 axb4 26. axb4 Ke7 27. Rd2 Ra6 28. Kf2 Be8 29. exf6+ gxf6 30. Nd4 Ra4 31. Rb2 e5 32. Nf5+ Ke6 33. Ng7+ Kf7 34. Nxe8 Kxe8 35. g4 Kd7 36. h4 Ke6 37. Rb3 e4 38. Kg3 Ke5 39. g5 fxg5 40. hxg5 d4 41. exd4+ Kxd4 42. Kf4 Ra1 43. Rh3 Rf1+ 44. Kg4 e3 45. Rxh7 e2 46. Re7 e1Q 47. Rxe1 Rxe1 48. Kf5 Kc4 49. g6 Kxb4 50. c6 Kc5 51. c7 Re8 52. g7 Kc6 0-1

[Event "Opatija Silent op"]
[Site "Opatija"]
[Date "2014.06.26"]
[Round "8"]
[White "Marczukiewicz, Jerzy"]
[Black "Petrenko, Mikhail"]
[Result "1/2-1/2"]
[WhiteElo "1953"]
[BlackElo "1706"]
[PlyCount "100"]
[EventDate "2014.06.19"]
[EventType "swiss"]
[EventRounds "9"]
[EventCountry "CRO"]
[SourceTitle "CBM 161 Extra"]
[Source "ChessBase"]
[SourceDate "2014.08.29"]
[SourceVersion "1"]
[SourceVersionDate "2014.08.29"]
[SourceQuality "1"]

1. d4 Nf6 2. Nf3 g6 3. c4 Bg7 4. Nc3 0-0 5. e4 d6 6. Be2 Nbd7 7. 0-0 c5 8. d5 Nb6 9. Bf4 Bg4 10. Nd2 Bxe2 11. Qxe2 Nh5 12. Be3 Bxc3 13. bxc3 Ng7 14. a4 Nd7 15. a5 b6 16. axb6 axb6 17. Rfb1 Qc7 18. Qd1 Rfb8 19. Qc1 Rxa1 20. Rxa1 b5 21. cxb5 Rxb5 22. Ra8+ Rb8 23. Qa1 Rxa8 24. Qxa8+ Qb8 25. Qxb8+ Nxb8 26. g4 Ne8 27. f3 f6 28. Kf1 Nc7 29. Ke2 Nd7 30. Nc4 Nb5 31. Kd3 Kf7 32. Bf4 g5 33. Bg3 h6 34. h4 gxh4 35. Bxh4 Ne5+ 36. Nxe5+ fxe5 37. Kc4 Na3+ 38. Kd3 Nb5 39. Bg3 Kg6 40. f4 exf4 41. Bxf4 Nc7 42. Kc4 Ne8 43. e5 dxe5 44. Bxe5 Kg5 45. Kxc5 Kxg4 46. c4 Kf5 47. d6 exd6+ 48. Bxd6 Ke6 49. Bf4 Kd7 50. Bxh6 Nd6 1/2-1/2

[Event "Opatija Silent op"]
[Site "Opatija"]
[Date "2014.06.25"]
[Round "7"]
[White "Muratov, Lir"]
[Black "Marczukiewicz, Jerzy"]
[Result "1/2-1/2"]
[WhiteElo "2066"]
[BlackElo "1953"]
[PlyCount "55"]
[EventDate "2014.06.19"]
[EventType "swiss"]
[EventRounds "9"]
[EventCountry "CRO"]
[SourceTitle "CBM 161 Extra"]
[Source "ChessBase"]
[SourceDate "2014.08.29"]
[SourceVersion "1"]
[SourceVersionDate "2014.08.29"]
[SourceQuality "1"]

1. e4 c5 2. Nf3 Nc6 3. d4 cxd4 4. Nxd4 Nf6 5. Nc3 e6 6. a3 d6 7. Be3 Be7 8. Be2 0-0 9. 0-0 a6 10. Bf3 Ne5 11. Be2 Qc7 12. f4 Nc4 13. Bxc4 Qxc4 14. Qd3 Qxd3 15. cxd3 Bd7 16. Rac1 Rfc8 17. h3 Be8 18. Nf3 Nd7 19. Na4 b5 20. Nb6 Nxb6 21. Bxb6 Bf6 22. Bd4 Bd8 23. Be3 f6 24. Kf2 Bd7 25. Rxc8 Rxc8 26. Rc1 Rxc1 27. Bxc1 Kf8 28. d4 1/2-1/2

[Event "Mazowiec-chT op 2013"]
[Site "Poland"]
[Date "2013.10.27"]
[Round "5.3"]
[White "Marczukiewicz, Jerzy"]
[Black "Kosior, Artur"]
[Result "1-0"]
[WhiteElo "1983"]
[BlackElo "1578"]
[PlyCount "51"]
[EventDate "2013.09.29"]
[EventType "team-swiss"]
[EventRounds "10"]
[EventCountry "POL"]
[SourceTitle "EXT 2019"]
[Source "ChessBase"]
[SourceDate "2018.10.10"]
[SourceVersion "1"]
[SourceVersionDate "2018.10.10"]
[SourceQuality "1"]

1. Nf3 Nf6 2. c4 e6 3. g3 d5 4. d4 dxc4 5. Qa4+ Bd7 6. Qxc4 Bc6 7. Bg2 Nbd7 8. 0-0 Be7 9. Nc3 0-0 10. Rd1 Nb6 11. Qd3 Nbd5 12. Ne5 Nxc3 13. bxc3 Bxg2 14. Kxg2 c5 15. Bg5 h6 16. Bd2 cxd4 17. cxd4 Qd5+ 18. f3 Rfd8 19. Bc3 Nd7 20. Nxd7 Rxd7 21. e4 Qc6 22. Rdc1 Rad8 23. Ba5 Rxd4 24. Rxc6 Rxd3 25. Bxd8 bxc6 26. Bxe7 1-0

[Event "Mazowiec-chT op 2013"]
[Site "Poland"]
[Date "2013.10.27"]
[Round "6.3"]
[White "Marczukiewicz, Jerzy"]
[Black "Mietek, Lukasz"]
[Result "1-0"]
[WhiteElo "1983"]
[BlackElo "1930"]
[PlyCount "61"]
[EventDate "2013.09.29"]
[EventType "team-swiss"]
[EventRounds "10"]
[EventCountry "POL"]
[SourceTitle "EXT 2019"]
[Source "ChessBase"]
[SourceDate "2018.10.10"]
[SourceVersion "1"]
[SourceVersionDate "2018.10.10"]
[SourceQuality "1"]

1. Nf3 Nf6 2. c4 e6 3. d4 d5 4. g3 b6 5. Bg2 Bb7 6. 0-0 Be7 7. cxd5 exd5 8. Nc3 0-0 9. Ne5 c6 10. e4 Nbd7 11. Nxc6 Bxc6 12. exd5 Bb7 13. d6 Bxg2 14. dxe7 Qxe7 15. Kxg2 Rfd8 16. Re1 Qd6 17. Be3 b5 18. Qf3 Qb4 19. Qe2 a6 20. a4 Rab8 21. axb5 axb5 22. Ra6 Qb3 23. Rea1 b4 24. Na4 Re8 25. Ra7 Nf8 26. Nc5 Qd5+ 27. Qf3 Qd8 28. b3 N8d7 29. Nxd7 Nxd7 30. Qd5 Nf6 31. Qxf7+ 1-0

[Event "Mazowiec-chT op 2013"]
[Site "Poland"]
[Date "2013.10.06"]
[Round "4.10"]
[White "Marczukiewicz, Jerzy"]
[Black "Kania, Wlodzimierz"]
[Result "0-1"]
[WhiteElo "1983"]
[BlackElo "1830"]
[PlyCount "61"]
[EventDate "2013.09.29"]
[EventType "team-swiss"]
[EventRounds "10"]
[EventCountry "POL"]
[SourceTitle "EXT 2019"]
[Source "ChessBase"]
[SourceDate "2018.10.10"]
[SourceVersion "1"]
[SourceVersionDate "2018.10.10"]
[SourceQuality "1"]

1. Nf3 Nf6 2. c4 Nc6 3. d4 d5 4. Nc3 e6 5. e3 Be7 6. Bd3 0-0 7. 0-0 Nb4 8. Be2 dxc4 9. Bxc4 Nbd5 10. Qe2 c5 11. Rd1 Nxc3 12. bxc3 Qc7 13. Bb2 a6 14. Bb3 b5 15. Rac1 c4 16. Bc2 Bb7 17. e4 Qf4 18. Re1 Rfc8 19. Rb1 Qc7 20. Ng5 h6 21. Nh3 Rd8 22. Red1 Bc6 23. f4 Qb7 24. Re1 Rac8 25. g4 Qa7 26. g5 hxg5 27. Nxg5 Nh7 28. Nxf7 Kxf7 29. Qh5+ Kg8 30. e5 Nf8 31. Re3 0-1

[Event "EU-chT ICCD Silent 21st"]
[Site "Kaunas"]
[Date "2013.06.15"]
[Round "6.4"]
[White "Sobolev, Yuri"]
[Black "Marczukiewicz, Jerzy"]
[Result "1-0"]
[WhiteElo "2266"]
[BlackElo "1976"]
[PlyCount "87"]
[EventDate "2013.06.13"]
[EventType "team-swiss"]
[EventRounds "7"]
[EventCountry "LTU"]
[SourceTitle "EXT 2015"]
[Source "ChessBase"]
[SourceDate "2014.11.20"]
[SourceVersion "1"]
[SourceVersionDate "2014.11.20"]
[SourceQuality "1"]

1. e4 c5 2. Nf3 Nc6 3. d4 cxd4 4. Nxd4 Nf6 5. Nc3 d6 6. Be2 e5 7. Nf3 h6 8. Bc4 Be7 9. h3 a6 10. a4 Qc7 11. Qe2 Be6 12. Bxe6 fxe6 13. Qc4 Qd7 14. 0-0 Rc8 15. Qe2 Nd4 16. Qd3 Nxf3+ 17. Qxf3 0-0 18. Qg3 Kh7 19. Qd3 Qc6 20. Be3 Qc4 21. Rfd1 Rfd8 22. Bb6 Rd7 23. Qf3 Rf8 24. Qe3 d5 25. exd5 Nxd5 26. Nxd5 Rxd5 27. Rxd5 Qxd5 28. b3 Bg5 29. Qe2 Qc6 30. a5 Qc3 31. Ra4 Rc8 32. Rc4 Rxc4 33. bxc4 Bf6 34. Qe4+ Kg8 35. c5 Qb2 36. g3 Qc3 37. Qxb7 Qxc2 38. Qxa6 Qd1+ 39. Qf1 Qa4 40. a6 e4 41. a7 Bd4 42. Qe2 e5 43. Kg2 Qc6 44. Qa2+ 1-0

[Event "EU-chT ICCD Silent 21st"]
[Site "Kaunas"]
[Date "2013.06.13"]
[Round "2.1"]
[White "Marczukiewicz, Jerzy"]
[Black "Petrauskas, Gediminas"]
[Result "1-0"]
[WhiteElo "1976"]
[BlackElo "1873"]
[PlyCount "86"]
[EventDate "2013.06.13"]
[EventType "team-swiss"]
[EventRounds "7"]
[EventCountry "LTU"]
[SourceTitle "EXT 2015"]
[Source "ChessBase"]
[SourceDate "2014.11.20"]
[SourceVersion "1"]
[SourceVersionDate "2014.11.20"]
[SourceQuality "1"]

1. Nf3 Nf6 2. c4 g6 3. Nc3 Bg7 4. e4 d6 5. d4 0-0 6. Be2 c6 7. 0-0 Bg4 8. Be3 Qc7 9. Rb1 Nbd7 10. b4 a6 11. Qd2 Rfd8 12. a4 b6 13. Rfc1 e5 14. d5 c5 15. b5 a5 16. h3 Bxf3 17. Bxf3 Rf8 18. Bg4 Nxg4 19. hxg4 Nf6 20. f3 Ne8 21. Ne2 Bf6 22. Bh6 Bg7 23. Be3 Qd7 24. Ng3 f6 25. Kh2 Rf7 26. Bh6 Nc7 27. Rh1 Raf8 28. Kg1 Bxh6 29. Qxh6 Rg7 30. Kf2 Ne8 31. Rh2 Rff7 32. Ke2 Kf8 33. Rbh1 Kg8 34. g5 Qe7 35. gxf6 Nxf6 36. Qe3 Qd7 37. Qd3 Qc8 38. Qc3 Qd7 39. Qe3 Qe7 40. Kd3 Kf8 41. Kc3 Qd7 42. Rh6 Qe7 43. Kd3 Kg8 1-0

[Event "Mazowiec-chT op Autumn"]
[Site "Poland"]
[Date "2012.12.09"]
[Round "7.3"]
[White "Bajkowski, Marcin"]
[Black "Marczukiewicz, Jerzy"]
[Result "0-1"]
[WhiteElo "1850"]
[BlackElo "1977"]
[PlyCount "112"]
[EventDate "2012.10.14"]
[EventType "team-swiss"]
[EventRounds "8"]
[EventCountry "POL"]
[SourceTitle "EXT 2019"]
[Source "ChessBase"]
[SourceDate "2018.10.10"]
[SourceVersion "1"]
[SourceVersionDate "2018.10.10"]
[SourceQuality "1"]

1. d4 d5 2. Nf3 Nf6 3. c4 c6 4. Nc3 e6 5. Bg5 h6 6. Bxf6 Qxf6 7. e4 dxe4 8. Nxe4 Bb4+ 9. Nc3 0-0 10. Bd3 Nd7 11. 0-0 Rd8 12. Ne4 Qe7 13. a3 Ba5 14. Qe2 Bc7 15. Rad1 b6 16. Rfe1 Bb7 17. Nc3 Nf6 18. Ne5 c5 19. dxc5 bxc5 20. Bc2 Ba5 21. Qe3 Bxc3 22. Qxc3 Qc7 23. f3 Rxd1 24. Rxd1 Rd8 25. Rxd8+ Qxd8 26. b4 Qd6 27. Ba4 Qc7 28. Nd3 cxb4 29. axb4 Nd5 30. Qd4 Qb6 31. Qxb6 Nxb6 32. Bb3 Kf8 33. Kf2 Ke7 34. Ke3 f6 35. Kd4 Nd7 36. c5 e5+ 37. Ke3 f5 38. Ba4 e4 39. Bxd7 Kxd7 40. Ne5+ Ke6 41. Nc4 exf3 42. gxf3 Ba6 43. Nd6 Bf1 44. Kd4 g5 45. Nc8 a6 46. Nd6 h5 47. Ne8 h4 48. Ng7+ Kf6 49. c6 f4 50. c7 Bh3 51. Nh5+ Kg6 52. Nxf4+ gxf4 53. Kc5 Kf6 54. b5 axb5 55. Kxb5 Ke5 56. Kc5 Bd7 0-1

[Event "Mazowiec-chT op Autumn"]
[Site "Poland"]
[Date "2012.12.09"]
[Round "8.7"]
[White "Kania, Wlodzimierz"]
[Black "Marczukiewicz, Jerzy"]
[Result "0-1"]
[WhiteElo "1852"]
[BlackElo "1977"]
[PlyCount "100"]
[EventDate "2012.10.14"]
[EventType "team-swiss"]
[EventRounds "8"]
[EventCountry "POL"]
[SourceTitle "EXT 2019"]
[Source "ChessBase"]
[SourceDate "2018.10.10"]
[SourceVersion "1"]
[SourceVersionDate "2018.10.10"]
[SourceQuality "1"]

1. e4 c5 2. Nf3 Nc6 3. d4 cxd4 4. Nxd4 Nf6 5. Nc3 d6 6. Be2 e5 7. Nb3 Be7 8. 0-0 0-0 9. a4 Be6 10. Be3 a5 11. f3 Nb4 12. Bb5 Rc8 13. Rf2 d5 14. exd5 Nfxd5 15. Nxd5 Nxd5 16. Re2 Nxe3 17. Rxe3 Qb6 18. Qe2 Bg5 19. Re1 Bxe3+ 20. Qxe3 Qxe3+ 21. Rxe3 Bxb3 22. Rxb3 Rxc2 23. Bd3 Rd2 24. Bc4 Rd4 25. Bb5 Rc8 26. Re3 f6 27. b3 Rc2 28. Bd3 Rb2 29. h3 g6 30. Be4 b6 31. Bd3 Kg7 32. Bc4 Rd1+ 33. Kh2 Rdd2 34. Bf1 Kh6 35. Rc3 Rbc2 36. Re3 Kg5 37. Re4 h5 38. h4+ Kh6 39. Re3 Rd4 40. Kh3 Rf2 41. Bd3 Kg7 42. Kg3 Rb2 43. Be2 Rdd2 44. Kf2 Kf7 45. g4 Ke6 46. Kf1 Rxe2 47. Rxe2 Rxe2 48. Kxe2 Kd5 49. Kd3 f5 50. g5 f4 0-1

[Event "Mazowiec-chT op 1112"]
[Site "Poland"]
[Date "2012.02.26"]
[Round "9.32"]
[White "Marczukiewicz, Jerzy"]
[Black "Jackiewicz, Jerzy"]
[Result "1-0"]
[WhiteElo "1990"]
[BlackElo "1668"]
[PlyCount "139"]
[EventDate "2012.01.08"]
[EventType "team-swiss"]
[EventRounds "10"]
[EventCountry "POL"]
[SourceTitle "EXT 2019"]
[Source "ChessBase"]
[SourceDate "2018.10.10"]
[SourceVersion "1"]
[SourceVersionDate "2018.10.10"]
[SourceQuality "1"]

1. Nf3 d5 2. d4 Nf6 3. c4 e6 4. g3 Be7 5. Bg2 0-0 6. 0-0 c6 7. Qc2 Nbd7 8. Nbd2 b5 9. c5 a5 10. b3 Re8 11. a3 Bb7 12. Bb2 Bf8 13. b4 a4 14. Rad1 Qc7 15. Qd3 g6 16. Ne5 Re7 17. Nxd7 Qxd7 18. Nf3 Bg7 19. Ne5 Qe8 20. Bc1 Nd7 21. Bf4 Nxe5 22. dxe5 f5 23. exf6 Bxf6 24. Bd6 Rf7 25. e4 Be7 26. e5 Bxd6 27. cxd6 Ba6 28. Qd4 Qd8 29. Rc1 Bb7 30. h4 Ra6 31. Rc3 Bc8 32. Rf3 Bd7 33. Rxf7 Kxf7 34. Rc1 Kg8 35. Bh3 h5 36. Rc3 g5 37. hxg5 Qxg5 38. Kg2 Ra8 39. Rf3 Rf8 40. Rxf8+ Kxf8 41. Qa7 Qg7 42. Qc7 Kg8 43. Qd8+ Kh7 44. Kg1 Kh6 45. Bf1 d4 46. Bd3 c5 47. bxc5 Bc6 48. Qc7 Qd7 49. f4 b4 50. axb4 a3 51. Qxd7 Bxd7 52. Bb1 Kg7 53. Kf2 Kf7 54. Ke2 Bb5+ 55. Kd2 Ke8 56. c6 Bxc6 57. Kd3 Bd5 58. Kxd4 a2 59. Bxa2 Bxa2 60. Kc5 Kd7 61. b5 Kc8 62. b6 Bb3 63. Kb5 Bd5 64. Ka6 Bb7+ 65. Ka7 Bc6 66. d7+ Kd8 67. b7 Bxb7 68. Kxb7 Kxd7 69. Kb6 Kd8 70. Kc6 1-0

[Event "POL-chT3 Mazowiecki"]
[Site "Warsaw"]
[Date "2011.02.06"]
[Round "6.39"]
[White "Hryszkiewicz, Michal"]
[Black "Marczukiewicz, Jerzy"]
[Result "1/2-1/2"]
[WhiteElo "1784"]
[BlackElo "2014"]
[PlyCount "66"]
[EventDate "2011.01.09"]
[EventType "team-tourn"]
[EventRounds "10"]
[EventCountry "POL"]
[SourceTitle "EXT 2015"]
[Source "ChessBase"]
[SourceDate "2014.11.20"]
[SourceVersion "1"]
[SourceVersionDate "2014.11.20"]
[SourceQuality "1"]
[WhiteTeam "Wyszkow"]
[BlackTeam "Warszawa Modus"]
[WhiteTeamCountry "POL"]
[BlackTeamCountry "POL"]

1. d4 d5 2. c4 c6 3. Nc3 Nf6 4. Nf3 e6 5. e3 Nbd7 6. Bd3 Bd6 7. 0-0 0-0 8. Bd2 Qe7 9. e4 dxc4 10. Bxc4 e5 11. d5 Nb6 12. Qb3 Nxc4 13. Qxc4 cxd5 14. Nxd5 Nxd5 15. Qxd5 Be6 16. Qb5 a6 17. Qa5 Bd7 18. Bc3 f6 19. Qd5+ Be6 20. Qd2 Rfd8 21. Qe2 Rdc8 22. Rfd1 Rc6 23. Ne1 Qf7 24. a3 Rac8 25. Nc2 Bc4 26. Qe1 Bb3 27. Rd2 Qc4 28. Nb4 Bxb4 29. Bxb4 Qc1 30. Rd8+ Rxd8 31. Rxc1 Rxc1 32. Qxc1 Rd1+ 33. Qxd1 Bxd1 1/2-1/2

[Event "POL-chT3 Mazowiecki"]
[Site "Warsaw"]
[Date "2011.02.06"]
[Round "5.50"]
[White "Piotrowski, Arkadiusz"]
[Black "Marczukiewicz, Jerzy"]
[Result "1-0"]
[WhiteElo "1929"]
[BlackElo "2014"]
[PlyCount "111"]
[EventDate "2011.01.09"]
[EventType "team-tourn"]
[EventRounds "10"]
[EventCountry "POL"]
[SourceTitle "EXT 2015"]
[Source "ChessBase"]
[SourceDate "2014.11.20"]
[SourceVersion "1"]
[SourceVersionDate "2014.11.20"]
[SourceQuality "1"]
[WhiteTeam "Nowy Dwor Mazowiecki"]
[BlackTeam "Warszawa Modus"]
[WhiteTeamCountry "POL"]
[BlackTeamCountry "POL"]

1. e4 c5 2. Nf3 Nc6 3. c3 Nf6 4. e5 Nd5 5. Bc4 e6 6. 0-0 Be7 7. d4 cxd4 8. cxd4 d6 9. Bd2 Nb6 10. Bb3 d5 11. Nc3 0-0 12. Bc2 Nc4 13. Bc1 f6 14. b3 Nb6 15. exf6 Bxf6 16. Qd3 g6 17. Ba3 Rf7 18. Rae1 a5 19. Ne5 Bxe5 20. dxe5 Nb4 21. Qd2 Nxc2 22. Qxc2 Bd7 23. Bd6 Rc8 24. Qd2 a4 25. Re3 axb3 26. axb3 Bc6 27. Qd4 Nd7 28. Rg3 Qb6 29. Qxb6 Nxb6 30. Rd1 Bd7 31. h4 Kh8 32. Rd4 h5 33. Re3 Kh7 34. g3 Ra8 35. Kg2 Nc8 36. Bb4 Ne7 37. Ne4 Nf5 38. Ng5+ Kg7 39. Nxf7 Nxd4 40. Ng5 Nc2 41. Rf3 Bc6 42. Rf7+ Kg8 43. Be7 d4+ 44. f3 Ne3+ 45. Kh3 Nf5 46. Bf6 Bxf3 47. Rh7 Bg4+ 48. Kh2 Ra2+ 49. Kg1 Ra1+ 50. Kh2 Ra2+ 51. Kg1 Ra1+ 52. Kf2 Ra2+ 53. Ke1 Re2+ 54. Kd1 Ne3+ 55. Kc1 Re1+ 56. Kb2 1-0

[Event "Mazowiec-chT 0910"]
[Site "Mazowsze"]
[Date "2010.03.14"]
[Round "8.26"]
[White "Marczukiewicz, Jerzy"]
[Black "Maliszewski, Krzysztof"]
[Result "1/2-1/2"]
[WhiteElo "2005"]
[BlackElo "1718"]
[PlyCount "149"]
[EventDate "2009.11.29"]
[EventType "team-tourn"]
[EventRounds "11"]
[EventCountry "POL"]
[SourceTitle "EXT 2011"]
[Source "ChessBase"]
[SourceDate "2010.11.26"]
[SourceVersion "1"]
[SourceVersionDate "2010.11.26"]
[SourceQuality "1"]

1. Nf3 Nf6 2. c4 d6 3. d4 Nbd7 4. Nc3 e5 5. e4 exd4 6. Nxd4 g6 7. Be2 Bg7 8. 0-0 Nc5 9. f3 0-0 10. Be3 a5 11. Qd2 Re8 12. Rfe1 Bd7 13. Bf1 Ne6 14. Nxe6 Bxe6 15. Rad1 Nd7 16. Nd5 b6 17. Bg5 f6 18. Bh4 Nc5 19. Qc2 Bxd5 20. Rxd5 Re6 21. b3 Qe8 22. Rdd1 Qf7 23. a3 a4 24. b4 Nb3 25. c5 d5 26. Rxd5 Qe8 27. Bc4 Kh8 28. Rdd1 Re7 29. Bxb3 axb3 30. Qxb3 bxc5 31. bxc5 Rb8 32. Qc4 Qc6 33. Rb1 Ra8 34. Qb5 Qe6 35. a4 c6 36. Qb3 Qe5 37. Bf2 Bf8 38. Red1 Rea7 39. Qb2 Qe6 40. Bd4 Be7 41. Ra1 Rxa4 42. Bf2 Rxa1 43. Rxa1 Rxa1+ 44. Qxa1 Kg7 45. Qc3 Qd7 46. g4 g5 47. Qd4 Qe6 48. Kg2 Kg6 49. h4 h6 50. h5+ Kf7 51. Kh3 Kg7 52. Bg3 Kf7 53. e5 f5 54. Qc3 fxg4+ 55. fxg4 Qd5 56. Kh2 Bxc5 57. e6+ Kxe6 58. Qg7 Qd2+ 59. Kh3 Qd4 60. Qxh6+ Qf6 61. Qh7 Be7 62. Qe4+ Kf7 63. Qc4+ Kf8 64. Qa6 Kg7 65. Qd3 c5 66. Qe4 Qf7 67. Be5+ Kg8 68. Bc3 Qf1+ 69. Kh2 Bd6+ 70. Be5 Qf2+ 71. Kh3 Qf1+ 72. Kg3 Qg1+ 73. Kf3 Qf1+ 74. Ke3 Bxe5 75. Qxe5 1/2-1/2

[Event "Mazowiec-chT 0910"]
[Site "Mazowsze"]
[Date "2010.01.31"]
[Round "5.6"]
[White "Domzal, Teofan"]
[Black "Marczukiewicz, Jerzy"]
[Result "1/2-1/2"]
[WhiteElo "2074"]
[BlackElo "2005"]
[PlyCount "82"]
[EventDate "2009.11.29"]
[EventType "team-tourn"]
[EventRounds "11"]
[EventCountry "POL"]
[SourceTitle "EXT 2011"]
[Source "ChessBase"]
[SourceDate "2010.11.26"]
[SourceVersion "1"]
[SourceVersionDate "2010.11.26"]
[SourceQuality "1"]

1. e4 c5 2. Nf3 e6 3. Nc3 Nc6 4. d4 cxd4 5. Nxd4 Nf6 6. Be2 a6 7. 0-0 Qc7 8. Be3 Bb4 9. Nxc6 bxc6 10. a3 Bxc3 11. bxc3 0-0 12. Bc5 Re8 13. Bd6 Qa5 14. e5 Nd5 15. c4 Nc3 16. Qd3 Nxe2+ 17. Qxe2 Qd8 18. Rab1 f5 19. Rfd1 Qh4 20. Rb3 a5 21. Rh3 Qg5 22. Rg3 Qh5 23. Rh3 Qg5 24. f4 Qg4 25. Qd2 Ba6 26. Rg3 Qh5 27. Bc7 Bxc4 28. Qxd7 Re7 29. Qd6 Qe8 30. Bb6 Bd5 31. Qc5 Rb7 32. c4 Bxc4 33. Bxa5 Bd5 34. Bb4 Qd8 35. Rgd3 Qb6 36. Rc3 Qxc5+ 37. Rxc5 Rab8 38. Rdc1 Rb5 39. Kf2 Ra8 40. g3 Kf7 41. h3 h5 1/2-1/2